Prírodné antioxidanty v pive – polyfenoly

Na minha lista:
Detalhes bibliográficos
Autor principal: Sahulčík, Tomáš (Author)
Outros Autores: Greif, Gabriel (Thesis advisor)
Formato: Manuscrito Livro
Idioma:eslovaco
Publicado em: 2015
Assuntos:
Acesso em linha:http://is.stuba.sk/zp/portal_zp.pl?podrobnosti=102144
Tags: Adicionar Tag
Sem tags, seja o primeiro a adicionar uma tag!

MARC

LEADER 00000ntm a22000003a 4500
001 stuzp52958
003 SK-STU
005 20160719154331.1
007 ta
008 150427s2015----xo-----f-mn---000-0-slo-d
040 |a STU  |b slo 
041 0 |a slo 
100 1 |a Sahulčík, Tomáš  |u 044250  |4 aut  |U FCHPT Ústav biotechnológie a potravinárstva  |T FCHPT Oddelenie potravinárskej technológie  |X 61442  |U C4250  |Y 115  |7 61442 
242 0 1 |a NATURAL ANTIOXIDANTS IN BEER - POLYPHENOLS  |y eng 
245 1 0 |a Prírodné antioxidanty v pive – polyfenoly 
260 |c 2015 
650 4 |a chmeľ  |2 slo 
650 4 |a polyfenol  |2 slo 
650 4 |a pivo  |2 slo 
650 4 |a antioxidant  |2 slo 
650 4 |a xantohumol  |2 slo 
650 4 |a hop  |2 eng 
650 4 |a polyphenol  |2 eng 
650 4 |a beer  |2 eng 
650 4 |a antioxidant  |2 eng 
650 4 |a xanthohumol  |2 eng 
700 1 |a Greif, Gabriel  |4 ths  |X 3350  |7 A000003350 
856 4 |u http://is.stuba.sk/zp/portal_zp.pl?podrobnosti=102144 
SQL |a stuzp52958  |b DBP  |c SLO  |d Prírodné antioxidanty v pive – polyfenoly  |e 61442  |f Sahulčík, Tomáš  |g 044250  |h 3350  |i Greif, Gabriel  |j 20150716  |k 520  |l 04  |m http://is.stuba.sk/zp/portal_zp.pl?podrobnosti=102144  |n B-oVYKOZ  |o 5.2.24. potravinárstvo